Evénements du 1er septembre - Statistiques

Statistiques générales
  • Ce quiz a été pris 24 fois
  • Le résultat moyen est 9 sur 15
Statistiques - réponses
Hint Réponse % Correct
Mort de Louis XIV 1715
100%
Invasion de la Pologne par l'Allemagne 1939
95%
Election du pape Lucius III 1181
86%
Naissance de Pierre de Ronsard 1524
77%
Naissance de la chanteuse Lââm 1971
73%
Bataille de Sedan 1870
68%
Sortie du Voyage dans la Lune de Georges Méliès 1902
59%
Jean Vilar devient directeur du Théâtre National Populaire 1951
59%
Le pape Grégoire XVI fonde l'Ordre de St Grégoire le Grand 1831
55%
Découverte de l'épave du Titanic 1985
55%
Naissance de l'acteur Vittorio Gassman 1922
50%
Naissance de Blaise Cendrars 1887
41%
Naissance du réalisateur André Hunebelle 1896
32%
Abolition de la monarchie libyenne 1969
32%
Séisme au Japon - 105 385 morts 1923
27%
Aucun quiz correspondant
Distribution des résultats
% des personnes avec chaque résultat
Percentile par nombre de réponses
Votre historique - résultats
Vous n’avez pas pris ce quiz